Obstetrics by ten teachers. / (Record no. 6374)
[ view plain ]
| 000 -LEADER | |
|---|---|
| fixed length control field | 01209nam a22001817a 4500 |
| 008 - FIXED-LENGTH DATA ELEMENTS--GENERAL INFORMATION | |
| fixed length control field | 170608b xxu||||| |||| 00| 0 eng d |
| 020 ## - INTERNATIONAL STANDARD BOOK NUMBER | |
| International Standard Book Number | 9780340983539 |
| 050 ## - LIBRARY OF CONGRESS CALL NUMBER | |
| Classification number | RG526.O295 |
| 245 ## - TITLE STATEMENT | |
| Title | Obstetrics by ten teachers. / |
| Statement of responsibility, etc. | edited by Philip N. Baker and Louise C. Kenny. |
| 250 ## - EDITION STATEMENT | |
| Edition statement | 19th ed. |
| 260 ## - PUBLICATION, DISTRIBUTION, ETC. | |
| Place of publication, distribution, etc. | London: |
| Name of publisher, distributor, etc. | Tayor & Francis Group, |
| Date of publication, distribution, etc. | 2011. |
| 300 ## - PHYSICAL DESCRIPTION | |
| Extent | xiv, 319p.: |
| Other physical details | ill.; |
| Dimensions | 25cm. |
| 500 ## - GENERAL NOTE | |
| General note | Includes index |
| 505 ## - FORMATTED CONTENTS NOTE | |
| Formatted contents note | Contents: Obstetrics history taking and examination -- Modern maternity care -- Physiological changes in pregnancy -- Normal fetal development and growth -- Antenatal care -- Antenatal imaging and assessment of fetal well-being -- Prenatal diagnosis -- Antenatal obstetric complications -- Twins and higher multiple gestations -- Pre-eclampsia and other disorders of placentation -- Late miscarriage and early birth -- Medical diseases complicating pregnancy -- Perinatal infections -- Labour -- Operative intervention in obstetrics -- Obstetric emergencies -- The Puerperium -- Psychiatric disorders and the puerperium -- Neonatology -- Ethical and medicolegal issues in obstetric practice. |
| 700 ## - ADDED ENTRY--PERSONAL NAME | |
| Personal name | Baker, Philip N. |
| 700 ## - ADDED ENTRY--PERSONAL NAME | |
| Personal name | Kenny, Louise C. |
| 942 ## - ADDED ENTRY ELEMENTS (KOHA) | |
| Source of classification or shelving scheme | Library of Congress Classification |
| Koha item type | Books |
| Withdrawn status | Lost status | Source of classification or shelving scheme | Damaged status | Not for loan | Home library | Current library | Shelving location | Date acquired | Total Checkouts | Full call number | Barcode | Date last seen | Copy number | Price effective from | Koha item type |
|---|---|---|---|---|---|---|---|---|---|---|---|---|---|---|---|
| Library of Congress Classification | WISCONSIN INTERNATIONAL UNIVERSITY COLLEGE, GHANA - MAIN LIBRARY | WISCONSIN INTERNATIONAL UNIVERSITY COLLEGE, GHANA - MAIN LIBRARY | nursing | 08/06/2017 | RG526.O295 | NURS/306/17 | 08/06/2017 | 1 | 08/06/2017 | Books | |||||
| Library of Congress Classification | WISCONSIN INTERNATIONAL UNIVERSITY COLLEGE, GHANA - MAIN LIBRARY | WISCONSIN INTERNATIONAL UNIVERSITY COLLEGE, GHANA - MAIN LIBRARY | nursing | 08/06/2017 | RG526.O2951 | NURS/307/17 | 08/06/2017 | 2 | 08/06/2017 | Books | |||||
| Library of Congress Classification | WISCONSIN INTERNATIONAL UNIVERSITY COLLEGE, GHANA - MAIN LIBRARY | WISCONSIN INTERNATIONAL UNIVERSITY COLLEGE, GHANA - MAIN LIBRARY | 08/06/2017 | RG526.O2952 | NURS/308/17 | 08/06/2017 | 3 | 08/06/2017 | Books |
